00782nam a2200217Ia 4500003000900000008004100009020001800050040001600068080001900084100002600103245009700129250001200226260003600238300001400274650007100288650002200359700002200381942000700403999001700410952013700427IN-BaIIA211028s9999 xx 000 0 eng d a0-13-038560-3 cIIA Library a681.3.068bWEL aWelch, Brent B931283 0aPractical programming in Tcl/TkcBrent B. Welch and Ken Jones  a4th ed. aNew JerseybPrentice-Hallc2007 aLx, 882p. atcl (computer program language) TCL/TK programming language931284 aTK toolkit931285 aJones, Ken931286 cBK c16763d16763 00104070aBANbHOScGENd2008-02-04eEDS g2364.81l0o681.3.068/ WELp17685r2021-11-05v2364.81w2008-02-04yBKGRs. 2364.81